Pittsburgh Penguins Roster - Statistics

General Stats
  • This quiz has been taken 64 times
    6 since last reset
  • The average score is 22 of 34
Answer Stats
Position Number Answer % Correct
Goaltender 37 Artūrs Šilovs
100%
Center 81 Benjamin Kindel
100%
Right Wing 59 Egor Chinakhov
100%
Defenseman 65 Erik Karlsson
100%
Center 71 Evgeni Malkin
100%
Defenseman 58 Kris Letang
100%
Center 87 Sidney Crosby
100%
Goaltender 74 Stuart Skinner
100%
Goaltender 35 Tristan Jarry
100%
Right Wing 17 Bryan Rust
83%
Right Wing 16 Justin Brazeau
83%
Right Wing 39 Anthony Mantha
67%
Right Wing 85 Avery Hayes
67%
Center 43 Blake Lizotte
67%
Center 19 Connor Dewar
67%
Right Wing 25 Elmer Söderblom
67%
Right Wing 13 Kevin Hayes
67%
Center 55 Noel Acciari
67%
Defenseman 28 Parker Wotherspoon
67%
Right Wing 67 Rickard Rakell
67%
Defenseman 5 Ryan Shea
67%
Defenseman 49 Samuel Girard
67%
Center 18 Tomas Novak
67%
Defenseman 75 Connor Clifton
50%
Defenseman 7 Ilya Solovyov
50%
Defenseman 3 Jack St. Ivany
50%
Right Wing 2 Rutger McGroarty
50%
Defenseman 27 Ryan Graves
50%
Defenseman 77 Brett Kulak
33%
Center 46 Danton Heinen
33%
Center 11 Filip Hållander
17%
Defenseman 24 Matthew Dumba
17%
Left Wing 15 Joona Koppanen
0%
Right Wing 41 Ville Koivunen
0%
No matching quizzes found
Score Distribution
Percent of People with Each Score
Percentile by Number Answered
Your Score History
You have not taken this quiz since the last reset